000 00640nam a2200181Ia 4500
008 151018s9999 xx 000 0 und d
082 _bRBASDV12628
_a891.463
100 _aशकुंतला गोगटे
245 _aअसत्यम-शिवम-सुंदरम
250 _b1
260 _bभगवानदास हिराजी
_c1979
300 _a184
600 _aशकुंतला गोगटे
630 _aअसत्यम-शिवम-सुंदरम
700 _aशकुंतला गोगटे
730 _aअसत्यम-शिवम-सुंदरम
942 _cBOOK
999 _c1014872
_d1014869